Statistiques concernant Gares de la Haute Saône

Cliquez ici pour prendre le quiz!

Statistiques générales

  • Ce quiz a été pris 58 fois
    (53 depuis la dernière actualisation)
  • Le résultat moyen est 4 sur 7

Statistiques - réponses

Nombre de voyageursGares% Correct
245 423Vesoul
100%
169 657Lure
97%
148 273Héricourt
70%
21 188Luxeuil les Bains
57%
4 429Aillevillers
30%
30 923Ronchamp
30%
44 324Champagney
27%

Distribution des résultats

Percentile par nombre de réponses

% des personnes avec chaque résultat

Votre développement - résultats

Vous n’avez pas pris ce quiz depuis la dernière actualisation